00620 2200229 4500001002100000005001500021035002000036007000300056008004100059020001800100082001200118084001800130100001700148245004800165260003400213300002000247500007600267650001400343856001700357990000800374990000800382INLIS00000000000009620220127091731 a0010-0122000096ta220127 g 0 ind  a9789790458505 a006.686 a006.686 DIK a0 aDiky Rachmat1 aAneka Kreasi Grafis Pemula dengan coreldraw aSolo :bTiga serangkai,c2009 a50 hlm ;c21 cm aSalah satu aplikasi pengolah grafis yang cukup populer adalah coreldraw 4aCorelDraw aKoleksi Umum a165 a166